Bicultural and trilingual education : the Foyer Model in Brussels
Αποθηκεύτηκε σε:
| Άλλοι συγγραφείς: | , |
|---|---|
| Μορφή: | Βιβλίο |
| Γλώσσα: | English |
| Δημοσίευση: |
Clevedon, England ; Philadelphia :
Multilingual Matters Ltd.,
c1990
|
| Σειρά: | Multilingual matters (Series)
; 54 |
| Θέματα: | |
| Ετικέτες: |
Προσθήκη ετικέτας
Δεν υπάρχουν, Καταχωρήστε ετικέτα πρώτοι!
|
MARC
| LEADER | 00000cam a2200000 i 4500 | ||
|---|---|---|---|
| 001 | 1/84808 | ||
| 008 | 981007s1990 eng d | ||
| 020 | |a 1-85359-043-6 | ||
| 035 | |l 10034534 | ||
| 035 | |a 1993 |b 1 |c Σκούρτου | ||
| 040 | |a GR-MY-UA |b gre |e aacr | ||
| 041 | 0 | |a eng | |
| 082 | 0 | |a 371.97094933 |2 (19) | |
| 245 | 1 | 0 | |a Bicultural and trilingual education : |b the Foyer Model in Brussels / |c edited by Michael Byram and Johan Leman |
| 260 | |a Clevedon, England ; Philadelphia : |b Multilingual Matters Ltd., |c c1990 | ||
| 300 | |a x, 158 p.; |b ill.; |c 22 cm | ||
| 490 | 1 | |a Multilingual matters (Series) |v ; 54 | |
| 504 | |a Περιέχει βιβλιογραφικές παραπομπές | ||
| 650 | 0 | 0 | |a Education, Bilingual |z Belgium |z Brussels |x Case studies. |
| 650 | 0 | 0 | |a Multicultural education |z Belgium |z Brussels |x Case studies. |
| 650 | 0 | 0 | |a Multilingualism |z Belgium |z Brussels |x Case studies. |
| 650 | 0 | 0 | |a Children of immigrants |x Education |z Belgium |z Brussels |x Case studies. |
| 700 | 1 | |a Byram, Michael. |4 edt | |
| 700 | 1 | |a Leman, J. |d 1946- |4 edt | |
| 830 | 0 | |a Multilingual matters (Series) |v ; 54 | |
| 852 | |a INST |b RHODES |e 19981007 |h 371.97094933 BIC |p 005400009931 |q 005400009931 |t BK |y 0 | ||
| 909 | |a Ρ |b 026427 |c 1993 | ||